[Event "Club Championship 2024/5"]
[Site "?"]
[Date "2025.02.06"]
[Round "Rd 4"]
[White "Evans, Alf"]
[Black "Fowkes, Sam"]
[Result "1/2-1/2"]
[Annotator "Van Kemenade,Rudy"]
[WhiteElo "1393"]
[BlackElo "1518"]
[PlyCount "79"]
[GameId "2144175462464227"]
[EventDate "2025.02.10"]

1. e4 c5 2. Nf3 d6 3. Bc4 (3. d4 cxd4 4. Nxd4 {main}) 3... Nf6 4. d3 e6 5. Nc3 Nc6 6. a3 (6. Bg5) (6. O-O {main lines}) 6... Be7 7. h3 O-O 8. O-O d5 {35 % for Wh} (8... a6 {30 % for Wh}) 9. exd5 exd5 10. Ba2 h6 11. Re1 $11 {2-2-2} (11. Bf4 $11 {0-2-2}) 11... b6 $146 (11... Be6 12. Bf4 $11 {1-3-4}) 12. Ne2 Bb7 13. c3 d4 (13... Bd6 14. Bf4 Bxf4 15. Nxf4 Qd6 16. Qd2 Rfe8 $11 {SF17}) 14. cxd4 cxd4 15. Qa4 (15. Ng3 Bd6 16. Nf5 Qd7 17. N3h4 Kh7 18. Nxd6 Qxd6 19. Qf3 Na5 20. Qf5+ g6 21. Qf4 Qxf4 22. Bxf4 Bd5 $11 {SF17}) 15... Qd7 (15... Nd7 {SF17} 16. Ng3 (16. Nfxd4 Nxd4 17. Nxd4 Nc5 18. Qd1 Qxd4 19. Rxe7 Qf6 20. Qe2 Rad8 21. Bc4 b5 22. Ba2 (22. Bxb5 Bd5 23. Rb1 Ba2 24. Ra1 Nb3 25. Bc4 Nd4 26. Rxa2 Nxe2+ 27. Rxe2 Rfe8 $15) 22... Bc6 $11 {SF17})) 16. Ng3 (16. Nexd4 Nxd4 17. Qxd7 Nxf3+ 18. gxf3 Nxd7 19. Rxe7 Bc6 20. Be3 Nf6 21. f4 Bd5 22. Bc4 Rfe8 23. Rxe8+ Rxe8 24. Rc1 Rd8 $14 {SF17}) 16... Rad8 17. b4 (17. Qd1 $11) 17... Ne5 18. Qxd7 Nxf3+ 19. gxf3 Rxd7 $15 20. Ne4 (20. Nf5 Bd8 21. Bf4 Nh5 22. Bd6 Bf6 23. Rac1 Rfd8 24. Rc7 Bxf3 25. Rxd7 Rxd7 26. Bh2 g5 (26... Kh7 27. Nd6 $11) 27. Nxh6+ Kg7 28. Nf5+ Kg6 29. Nd6 Nf4 30. Bxf4 gxf4 $15 {SF17}) 20... Rc8 (20... Ba6 $19 {threatens to win d3, so ties Wh down} 21. Rd1 Rc8 22. Bf4 Nd5 23. Bxd5 Rxd5 24. Rac1 Rxc1 25. Bxc1 h5) 21. Bb2 (21. Bc4) 21... Nh5 (21... Rc2 22. Rab1 Nxe4 23. fxe4 Bh4 24. Rf1 Ba6 25. Bb3 Rd2 $19 {SF17}) 22. Bc1 Bh4 (22... Ba6 23. Rd1 Rdc7 $19 {SF17}) 23. Kg2 Kh8 $17 (23... Kf8 $19 {SF17}) 24. Bb3 Rdc7 (24... Rc6 25. Kh2 Rg6 26. Rg1 Rxg1 27. Kxg1 f5 28. Be6 Rc7 29. Bxf5 Rc2 30. Bg6 Bxe4 31. fxe4 Bxf2+ 32. Kh1 Ng3+ 33. Kg2 Be1+ 34. Kf3 Rf2+ 35. Kg4 Ne2 $19 {SF17} 36. Bb2 $2 (36. e5 Rf1 37. e6 Rg1+ 38. Kf5 Bh4 39. e7 Bxe7 40. Bb2 Rg2 41. Ke6 Bg5 $19) 36... Rf4+ 37. Kh5 Ng3# (37... Rh4#)) 25. Nd6 Rf8 26. Nxb7 Rxb7 27. Re4 (27. f4 Rc8 28. Bd2 g6 29. Rac1 Rxc1 30. Rxc1 Re7 31. Kf3 $16 {SF17}) 27... Bf6 $11 (27... Bg5 28. f4 f5 29. Re6 Bxf4 30. Bd1 Bxc1 31. Bxh5 $11 {SF17}) 28. Bd2 Rc8 29. Rae1 Rd7 30. Bd1 (30. f4 g6 31. Re8+ Rxe8 32. Rxe8+ Kg7 33. Bd1 Rd8 $11 {SF17}) 30... Rd5 (30... g6 $11) 31. Bb3 (31. Re8+ Rxe8 32. Rxe8+ Kh7 33. f4 g6 34. Rc8 Kg7 35. Bg4 Bd8 36. Ra8 a5 37. Bf3 Rd7 38. bxa5 bxa5 39. Bxh5 gxh5 40. Kf3 {SF17 judges this aswinning for Wh, because of Bl's weak pawns on a5 & d4- but the sequence leading up to this position is very difficult to anticipate properly}) 31... Rd6 $2 (31... Rd7 32. f4 g6 $14 {SF17}) 32. Re8+ Rxe8 33. Rxe8+ Kh7 34. Bxf7 $18 g6 35. Bc4 (35. f4 Kg7 36. Bc4 Bh4 37. Ra8 Rd7 38. Rc8 Bd8 39. Bb5 Rd6 40. Ra8 a5 41. Kf3 g5 42. bxa5 bxa5 43. Ra7+ Kf8 44. fxg5 hxg5 45. Bc4 $18 {there is now entry space on the K side and the doubled Wh pawn has gone}) 35... Ng7 36. Re4 (36. Ra8 Rd7 37. Bg8+ Kh8 38. Bxh6 $18 {SF17}) 36... Nf5 37. f4 (37. Bf4 {Rudy & SF17 activate the B} Rd7 38. Re6 Kg7 39. Bb5 Rf7 40. Kf1 {but its still difficult and it was getting late at night}) 37... Rd8 38. Re6 Rd6 39. Rxd6 Nxd6 40. Kf3 $18 {[draw?] cf last note} 1/2-1/2

[Event "Club Championship 2024/5"]
[Site "?"]
[Date "2025.02.26"]
[Round "Rd 4"]
[White "Smith, Martyn R"]
[Black "Smith, Jonathan"]
[Result "1-0"]
[Annotator "Van Kemenade,Rudy"]
[WhiteElo "1384"]
[BlackElo "1543"]
[PlyCount "49"]
[GameId "2149686309636354"]
[EventDate "2025.02.27"]

{[%evp 0,17,15,20,-4,19,42,16,23,0,18,71,10,-3,-3,-32,-28,-32,3,-190]} 1. e4 e5 2. Nf3 Nc6 3. Bc4 Bc5 4. c3 Nf6 5. d4 exd4 6. cxd4 Bb4+ 7. Nc3 Nxe4 8. O-O Nxc3 (8... Bxc3 9. d5 Bf6 10. Re1 Ne7 11. Rxe4 {is the ultra-sharp Moeller Attack, analysed to about move 33, mostly in correspondence play}) (8... Nf6 {Considered by Bl afterwards} 9. Re1+ Be7 10. d5 $18 Na5 11. d6 $1 {Cloud Engines} (11. Bd3 O-O 12. Qe2 Re8 13. Bg5 Bb4 14. Bxf6 Be7 15. Bxe7 Rxe7 16. Qxe7 Qxe7 17. Rxe7 Kf8 18. Rae1 g6 19. Ng5 Kg7 20. Rxf7+ Kh6 21. h4 Kh5 22. Re4 h6 23. Be2# {1-0 Gnaam,K (2022)-Vayanos,G Beirut op 9th 2017 (2)}) 11... cxd6 12. Bd3 Nc6 13. Bc2 h6 14. Nh4 g6 15. Nd5 Nxd5 16. Nxg6 fxg6 17. Bxg6+ Kf8 18. Qxd5 Qe8 19. Bxe8 Kxe8 20. Bxh6 Kd8 21. Bg5 Bxg5 22. Qxg5+ Kc7 23. Rad1 b6 24. Qf6 Rd8 25. Qxd6+ Kb7 26. Rc1 {1-0 Abdulghafour,Y-Hassan,A Asia-chT fin 09th Penang 1991 (6)}) 9. Qb3 (9. bxc3 d5 $1 {Cloud Engines}) 9... O-O (9... d5 $1 {the usual response to most K side gambits, returning a pawn for free play 1-0-2}) 10. bxc3 Be7 $11 {1-8-12} 11. Qc2 $146 (11. Qb5 $11 {0-7-2}) (11. Bd3 $11 {Cloud engines} d5 12. Qc2 f5 13. Re1 Qd6 14. Ne5 Nxe5 15. Rxe5 Bf6 16. Re2 g6 17. Qb3 b6 18. Bh6 Bg7 19. Bxg7 Kxg7 20. Rae1 Bd7 21. Bb5 c6 22. Re7+ Rf7 23. Rxf7+ Kxf7 24. Bd3 Re8 25. Rxe8 Kxe8 26. Qa4 Qc7 27. Qc2 c5 28. Qe2+ Kf7 29. Qe5 Qxe5 30. dxe5 g5 31. g3 g4 32. f4 gxf3 33. Kf2 Ke6 34. Kxf3 Kxe5 35. Ke3 d4+ 36. cxd4+ cxd4+ 37. Ke2 Be6 38. a4 h6 39. Bb5 f4 40. gxf4+ Kxf4 41. Kd3 Ke5 42. h4 Bh3 43. Kd2 a5 44. Be8 Bf5 45. Bb5 Kd6 46. Be8 Be4 47. Bb5 Bc6 {0-1 Van Thillo,Q-Busscher,F Hengelo U12 op 2004}) 11... d5 $15 12. Bd3 g6 $11 {slightly weakens K side} (12... h6 $15 {SF17}) 13. Bh6 Re8 14. Rae1 (14. Rfe1 Bg4 $15 (14... Bf8 $11 15. Bg5 Rxe1+ 16. Rxe1 Be7 17. Bh6 Bg4 18. Qe2 Bf8 19. Bf4 Bd6 20. Bh6 Bxf3 21. gxf3 Qe7 22. Qxe7 Nxe7 23. a4 a5 24. Bg5 Nf5 25. Rb1 b6 26. Rb5 h6 27. Bd2 Nh4 28. Be2 Re8 29. Kf1 Bxh2 30. Bxh6 f6 31. Bc1 Rd8 32. Bd1 g5 33. Bb3 Kg7 34. Bxd5 Kg6 35. Bb7 Bd6 36. Bd2 Bh2 37. Ke2 Re8+ 38. Kd3 Kg7 39. Rb1 Ng6 40. Rh1 Bf4 41. Be4 Bd6 42. Bxg6 Kxg6 43. Re1 Rh8 44. c4 Rh2 45. Be3 Rh3 46. Ke2 Rh4 47. Rb1 Bf4 48. Bxf4 Rxf4 49. Ke3 Kf5 50. Rb5+ Ke6 51. c5 Rf5 52. Ke4 Rf4+ 53. Ke3 Rf5 54. f4 gxf4+ {½-½ Munoz Romero,P (1718)-Garcia Pardo,L (1458) ESP-ch U14 Salobrena 2021 (9)}) 15. Ne5 Nxe5 16. dxe5 Be6 17. Qb2 b6 18. Rad1 Bf8 19. Bf4 c5 20. Qc1 c4 21. Bxc4 dxc4 22. Rxd8 Raxd8 23. Re4 Bf5 24. Rxc4 b5 25. Rc5 Rd7 26. Rxb5 Red8 27. Rb1 Bxb1 28. h3 Rd1+ 29. Qxd1 Rxd1+ 30. Kh2 Be4 31. g4 Rh1+ 32. Kg3 Bc5 33. Kh4 Kg7 34. e6 fxe6 35. Be5+ Kh6 36. g5# {1-0 O'Rourke,C (423)-Damaschino,J Doeberl Cup U1200 48th Canberra 2010 (2)}) (14. Rab1 a6 (14... Bg4 $15) 15. Rfe1 b6 16. h4 Bg4 17. Nh2 Bd7 18. h5 Bd6 19. Rxe8+ Qxe8 20. Nf3 Ne7 21. Re1 Bb5 22. hxg6 hxg6 23. Ne5 Bxd3 24. Qxd3 Nf5 25. Bg5 Qb5 26. Qh3 Re8 27. Bf6 Ng7 28. Qh6 Bf8 29. Re3 Rxe5 30. dxe5 Qb1+ 31. Kh2 Qc1 32. e6 Qd1 33. e7 {1-0 Harris,M-Van Bommel,T IECG C1.1997.0.00090 IECG email (1)}) 14... Bf8 (14... Bg4 15. Ne5 Nxe5 16. dxe5 Qd7 $15 {SF17}) 15. Bxf8 Rxe1 16. Rxe1 Kxf8 $11 (16... Qxf8 $11) 17. Qd2 Qf6 $2 (17... Kg7 $11) 18. Ng5 (18. Qh6+ Qg7 19. Re8+ Kxe8 20. Qxg7 $18 {SF17}) 18... Qg7 (18... Kg7 $17 {SF17; again secures Bl's K side}) 19. Qe3 (19. Qf4 $18 Bf5 (19... Bd7 20. Qxc7 $18) 20. Qxc7 (20. Bxf5 gxf5 21. Qxf5 {looks simpler}) 20... Bxd3 21. Qxb7 Rd8 22. Qxc6 $18 {SF17}) 19... Bd7 20. Be2 (20. Qf4 Rc8 21. h4 $14 {SF17}) 20... Re8 $17 21. Qg3 Re7 (21... Rc8 $11 {preferred by Bl in retropect}) (21... f6 22. Nf3 Bf5 $17 {SF17}) 22. Qxc7 Bg4 (22... Qh6 23. Qg3 Kg8 $11 {SF17}) 23. Qd6 Bxe2 $18 {a miscalculation} (23... Kg8 24. f3 Bf5 25. Qxd5 Re3 26. g4 (26. Kf2 Rxc3 $11) 26... Qf6 27. Nxf7 Qxf7 28. Qxf7+ Kxf7 29. gxf5 Rxc3 30. fxg6+ hxg6 31. Rd1 Nb4 32. Rd2 Rc2 33. Rxc2 Nxc2 34. Bc4+ Ke7 35. d5 Ne3 36. Bd3 g5 37. Be4 Kd6 $11 {SF17}) 24. Rxe2 $18 f6 25. Ne6+ 1-0